[Event "Aragon-chT Preferente B"]
[Site "Aragon"]
[Date "2012.02.11"]
[Round "2.64"]
[White "Martinez Crespo, Juan"]
[Black "Campo Berdala, Carlos"]
[Result "1-0"]
[WhiteElo "1867"]
[BlackElo "1828"]
[PlyCount "89"]
[EventDate "2012.02.04"]
[EventType "team"]
[EventRounds "9"]
[EventCountry "ESP"]
[SourceTitle "EXT 2014"]
[Source "ChessBase"]
[SourceDate "2013.11.20"]
[SourceVersion "1"]
[SourceVersionDate "2013.11.20"]
[SourceQuality "1"]
[WhiteTeam "Agrupacion II"]
[BlackTeam "St Casablanca IV"]
[WhiteTeamCountry "ESP"]
[BlackTeamCountry "ESP"]

1. e4 c5 2. Nf3 d6 3. d4 cxd4 4. Nxd4 Nf6 5. f3 a6 6. c4 g6 7. Be3 Bg7 8. Nc3 0-0 9. Qd2 Nbd7 10. Be2 Qc7 11. Rc1 Ne5 12. 0-0 Bd7 13. h3 Rac8 14. Nd5 Qd8 15. Rc2 e6 16. Nxf6+ Bxf6 17. f4 Nc6 18. Nf3 Qc7 19. Rd1 Rfd8 20. Qxd6 Be8 21. Qxc7 Rxd1+ 22. Bxd1 Rxc7 23. e5 Be7 24. a3 f6 25. Be2 Rd7 26. Kf2 fxe5 27. fxe5 Kg7 28. Rd2 Rxd2 29. Bxd2 Bc5+ 30. Be3 Bxe3+ 31. Kxe3 Ne7 32. Nd4 Nf5+ 33. Nxf5+ exf5 34. Bf3 b6 35. Kd4 Kf8 36. b4 Ke7 37. c5 bxc5+ 38. Kxc5 Bb5 39. Bc6 Bf1 40. a4 h5 41. h4 Bd3 42. b5 axb5 43. axb5 Be4 44. Bxe4 fxe4 45. Kd4 1-0

[Event "Aragon-chT Preferente"]
[Site "Spain"]
[Date "2010.01.23"]
[Round "1.56"]
[White "Campo Berdala, Carlos"]
[Black "Martin Perez, Fernando"]
[Result "0-1"]
[WhiteElo "1650"]
[BlackElo "1839"]
[PlyCount "94"]
[EventDate "2010.01.23"]
[EventType "team-swiss"]
[EventRounds "12"]
[EventCountry "ESP"]
[SourceTitle "EXT 2013"]
[Source "ChessBase"]
[SourceDate "2012.11.22"]
[SourceVersion "1"]
[SourceVersionDate "2012.11.22"]
[SourceQuality "1"]
[WhiteTeam "St Casablanca IV"]
[BlackTeam "Agrupacion II"]
[WhiteTeamCountry "ESP"]
[BlackTeamCountry "ESP"]

1. c4 Nf6 2. g3 g6 3. Bg2 Bg7 4. Nc3 0-0 5. d3 d6 6. e4 e5 7. Nge2 c6 8. 0-0 Nh5 9. h3 f5 10. f4 exf4 11. Bxf4 Nxf4 12. Rxf4 Be6 13. Kh2 g5 14. Rf1 f4 15. gxf4 gxf4 16. Qe1 Kh8 17. Ng1 Nd7 18. Nf3 Ne5 19. Rd1 Nxf3+ 20. Rxf3 Qg5 21. Qf2 Qh6 22. Rf1 Bg4 23. Kh1 Bxf3 24. Qxf3 Bxc3 25. bxc3 Qh4 26. Qf2 Qg3 27. Qd4+ Qg7 28. Rf3 Qxd4 29. cxd4 Rf7 30. Kg1 Rg8 31. Kf1 Rfg7 32. Rf2 Rg3 33. Bf3 Rxh3 34. Ke2 Rg1 35. Kd2 Ra1 36. Kc3 Rg1 37. Kd2 Ra1 38. Kc3 Rg3 39. Kb2 Rgg1 40. e5 dxe5 41. dxe5 Raf1 42. Rxf1 Rxf1 43. Bg4 f3 44. Kc3 f2 45. d4 Re1 46. Bh3 Kg7 47. Bg2 h5 0-1